000 00227 a2200097 4500
001 14290
100 _aGreene, H.A
245 _aMeasurement eran in sec school
260 _aWashington
_bLongmans green
_c
090 _c11200
_d11200
942 _aNUST-CAE
_cM
_c1338
999 _c249363
_d249363